01024cam a2200229 a 450000500170000000800410001701000170005802000540007503500160012903700130014504000080015810000210016624500620018726000490024927000570029830000440035550000560039994200170045599900170047295201520048995201530064120091121122244.0000504s2000 nik 000 0 eng d aENG-95534-35 a9788131306437 (Set of 2 Vols.)c1500.00 (V.1 & 2) aEN-79067-68 bDBAD/PUB aDPL aMishra, Lokanath aEncyclopaedia of Peace education cby S.K. Panneer Selvam aNew DelhibAPH. Publishing corporationc2009 a4435-36/7 Ansari Road, Darya GanjbNew Delhie110002 a2v (220p. ; 221 to 428 p.) c22 cm.(Hb) aIt is a set of 2 vols. and set price is Rs. 1500.00 2ddccENmMIS c32014d32014 00102ddc3v.- 140718NFICaDBADbDBADd2009-11-21eDBAD / PUBg1500.00l0oMISpEN-79067r2009-11-21 00:00:00t1v1500.00w2009-11-21yENzv.- 1 00102ddc3v.- 240718NFICaDBADbDBADd2009-11-21eDBAD / PUBg1500.00l0oMISpEN-79068r2009-11-21 00:00:00t1v1500.00w2009-11-21yENzv. - 2